Statistics for Connor Price Finish The Lyrics

Click here to take the quiz!

General Stats

  • This quiz has been taken 12 times
  • The average score is 4 of 10

Answer Stats

HintAnswer% Correct
Can't spell ____ without Con and NicIconic
100%
I've been told I'm lazy, I've been told I'm ____Crazy
60%
Yeah, miss you when you not here, ____ when you are hereArgue
40%
Colder than a Minnesota winter in the middle of a ____Blizzard
40%
2020 Quarantine so we socially ____Distant
40%
I don't even wanna think about it so I go to sleep but then I ____ about itDream
40%
I built a house to ____ myself inHarbor
40%
I know that I made mistakes, I'd ____Backtrack
20%
Lay the foundation out before you get the ____Harvest
20%
If you think I won't go crazy that's a ____Misdiagnosis
20%

Score Distribution

Percentile by Number Answered

Percent of People with Each Score

Your Score History

You have not taken this quiz